000 00524nam a2200169 i 4500
001 79981
003 ES-MaACL
005 20230906174111.0
007 t|
008 041025s1968 sp ||||1| spa d
100 1 _aHills, George.
_963731
245 1 0 _aFranco
_b: el hombre y la nación /
_cGeorge Hills ; traducción de Eduardo Malloqui.
260 _aMadrid :
_bSan Martín,
_c[1968]
300 _aXI, 480 p., 16 lám. :
_bil. ;
_c22 cm.
700 1 _aMallorquí, Eduardo.
_975827
852 _aES-MaACL
_jC-34599
_bR.66935
999 _c79981
_d79981